| 000 | 00958nam a22002417a 4500 | ||
|---|---|---|---|
| 999 |
_c423657 _d423657 |
||
| 003 | UA-OsUOA | ||
| 005 | 20191002113204.0 | ||
| 008 | 190903b un ||||| |||| 00| 0 ukr d | ||
| 020 | _a9789663082418 | ||
| 040 |
_aUA-OsUOA _bukr _cUA-OsUOA _dUA-OsUOA |
||
| 041 | _aukr | ||
| 080 | _a343.211.3(082) | ||
| 090 |
_a343.211.3(082) _bА43 |
||
| 245 |
_aАктуальні проблеми боротьби зі злочинністю в умовах євроінтеграції _bзбірник наукових праць _cза заг .ред. С. Я Лихової |
||
| 260 |
_aКиїв _c2018 |
||
| 300 | _a88 с. | ||
| 365 | _b20,00 | ||
| 650 | _a343.2 Загальна частина кримінального права | ||
| 856 | 4 | 0 | _yКлацніть тут для перегляду онлайн |
| 942 |
_2udc _cBK |
||